Handbook of research in second language teaching and learning

Kaydedildi:
Detaylı Bibliyografya
Yazar: Hinkel, Eli (Yazar)
Materyal Türü: Kitap
Dil:İngilizce
Baskı/Yayın Bilgisi: Mahwah Lawrence Erlbaum Associates 2005
Edisyon:1a. ed
Konular:
Etiketler: Etiketle
Etiket eklenmemiş, İlk siz ekleyin!

MARC

LEADER 00000nam a2200000 a 4500
001 UCK4639
003 CL-VaPUC
008 050617e20050000us |||||||||||||||||eng|d
020 |a 0805841806 
082 0 4 |a 418  |b HIN  |2 21 
100 |a Hinkel, Eli  |e author  |9 582411 
245 1 0 |a Handbook of research in second language teaching and learning 
250 |a 1a. ed 
300 |a 1144 p 
942 |c BK 
945 |d 20050617 00:00:00  |a cmena 
260 |a Mahwah  |b Lawrence Erlbaum Associates  |c 2005 
650 0 |a Adquisición del lenguaje   |9 309032 
650 0 |a Educación lingüística  |9 306506 
650 0 |a Investigación lingüística  |9 329785 
650 0 |a Métodos de enseñanza  |9 270413 
583 |a last modification  |c 20171120 05:17:54  |k Rodrigo Vera 
999 |c 313459  |d 313457 
952 |0 0  |1 0  |4 0  |6 418_000000000000000_HIN_2005  |7 0  |8 A  |9 384824  |a FDOPOS  |b FDOPOS  |d 2019-11-22  |i 4139178  |o 418 HIN 2005  |p 4139178  |r 2025-01-22  |w 2019-11-22  |y BK  |k MLA